000 00310nam a22001337a 4500
008 190225b xxu||||| |||| 00| 0 eng d
020 _a9780205287741
041 _aeng
080 _a371
100 _a25
101 _aEDU
245 _aThe Adjunct Professor's Guide to Success
_cLyons, R.E
942 _2udc
_cBK
999 _c54235
_d54235